Classical mechanics with matlab applications (Record no. 1210359)

MARC details
000 -LEADER
fixed length control field 00807nam a2200253Ia 4500
003 - CONTROL NUMBER IDENTIFIER
control field OSt
005 - DATE AND TIME OF LATEST TRANSACTION
control field 20221007122438.0
008 - FIXED-LENGTH DATA ELEMENTS--GENERAL INFORMATION
fixed length control field 221006b |||||||| |||| 00| 0 eng d
020 ## - INTERNATIONAL STANDARD BOOK NUMBER
International Standard Book Number 9789380108162 (pbk)
037 ## - SOURCE OF ACQUISITION
Terms of availability Textbook
040 ## - CATALOGING SOURCE
Original cataloging agency PAPL
Transcribing agency PAPL
Language of cataloging eng
041 ## - LANGUAGE CODE
Source of code eng
Language code of text/sound track or separate title eng
100 ## - MAIN ENTRY--PERSONAL NAME
Personal name Hasbun Javier E
245 #0 - TITLE STATEMENT
Title Classical mechanics with matlab applications
260 ## - PUBLICATION, DISTRIBUTION, ETC.
Place of publication, distribution, etc. Boston
Name of publisher, distributor, etc. Jones and Bartlett Publishers
Date of publication, distribution, etc. 2010
300 ## - PHYSICAL DESCRIPTION
Extent xvi, 548p.
Dimensions cm.
500 ## - GENERAL NOTE
General note References 537-538p.; Index 539-548p.
942 ## - ADDED ENTRY ELEMENTS (KOHA)
Classification part B7, Q0 Carpa
Koha item type Textbook
Source of classification or shelving scheme Colon Classification (CC)
Holdings
Withdrawn status Lost status Source of classification or shelving scheme Damaged status Not for loan Home library Current library Date acquired Source of acquisition Total Checkouts Full call number Barcode Date last seen Price effective from Koha item type Public note
    Colon Classification (CC)     Department of Physics and Astrophysics Library Department of Physics and Astrophysics Library 2022-10-07 2491, 08/02/2010, New India Book Agency   B7 Q0 Carpa PA0006463 2022-10-07 2022-10-07 Textbook {Indian edition 2010}.
Copyright @ Delhi University Library System